Flags with One Colour Changed #3 - Statistics

General Stats
  • This quiz has been taken 610 times
    574 since last reset
  • The average score is 14 of 16
Answer Stats
Answer % Correct
North Macedonia
98%
Uruguay
93%
Tunisia
92%
Thailand
91%
Niger
90%
Palau
87%
Turkmenistan
87%
Austria
86%
Ecuador
85%
Kiribati
85%
Saint Lucia
85%
Zambia
85%
Malawi
84%
Tajikistan
75%
East Timor
73%
Mauritius
73%
No matching quizzes found
Score Distribution
Percent of People with Each Score
Percentile by Number Answered
Your Score History
You have not taken this quiz since the last reset